000 00390nam a22001457a 4500
020 _qHB.
040 _cFizza Ishaq
082 _a623.87
_bEDW
100 _aGritzen, F. Edward.
_9134237
245 _aIntroduction to Naval Engineering /
_cEdward F. Gritzen.
250 _a1st Ed.
260 _aNew York :
_bSpringer,
_c1980.
300 _a429 p, ;
_c10.1 x 7 x 1.1 inches
942 _2ddc
_cBK
999 _c617211
_d617211